Movies by Ending Title Cards Quiz Stats

 Plays Quiz Updated Feb 4, 2019

Support Sporcle.
Go Orange.
Score 0/40 Timer 12:00
5 Plays Today
% Correct
Schindler's List
92%
Conan the Barbarian
90.2%
Elizabeth
90%
Hotel Rwanda
85.3%
Catch Me If You Can
83.8%
J. Edgar
83.7%
Moneyball
82.9%
127 Hours
81.8%
Ed Wood
81.1%
Backdraft
77%
Valkyrie
76.9%
The Crucible
76.8%
What About Bob?
75.4%
The Perfect Storm
74.7%
The King's Speech
74.5%
Ali
73.3%
Kingdom of Heaven
72.1%
Ray
71.9%
Black Hawk Down
71.8%
Cinderella Man
70.3%
% Correct
The Last King of Scotland
67.9%
Boyz n the Hood
61.3%
Munich
59.8%
Goodfellas
58.2%
Into the Wild
58%
American Gangster
58%
National Lampoon's Animal House
54.7%
Amistad
53.5%
Enemy at the Gates
52.9%
Lord of War
51%
Fat Man and Little Boy
50.2%
Hidalgo
49.8%
The Pianist
48.9%
Public Enemies
47%
Dog Day Afternoon
39.9%
Unforgiven
38.3%
Charlie Wilson's War
37.7%
Frida
37.3%
The Mission
30.5%
Tears of the Sun
19.3%

You're not logged in!

Compare scores with friends on all Sporcle quizzes.
OR
Log In
Forgot?

From the Vault

8 Scenes, 1 Movie! XX

by BigAl1994

Movies 10m
Most movies normally have a lot more than 8 scenes, but someone's got to make the budget cuts.
Remove Ads.
Support Sporcle.
Get the best of Sporcle when you Go Orange. This ad-free experience offers more features, more stats, and more fun while also helping to support Sporcle. Thank you for becoming a member.

Show Comments

Extras

Top Quizzes Today


Score Distribution

Your Account Isn't Verified!

In order to create a playlist on Sporcle, you need to verify the email address you used during registration. Go to your Sporcle Settings to finish the process.

Report this User

Report this user for behavior that violates our Community Guidelines.

Details: